Najpopularniejsza linia lotnicza według kraju - Statystyki

Ogólne statystyki
  • Ten quiz został rozwiązany 30 razy
  • Średni wynik to 14 z 20
Statystyki odpowiedzi
Państwo Linia lotnicza % Poprawnych
Polska Polskie Linie Lotnicze Lot
88%
Chiny Air China
83%
Zjednoczone Emiraty Arabskie Etihad / Emirates
83%
Katar Qatar Airways
79%
Wielka Brytania British Airways
75%
Niemcy Lufthansa
75%
Turcja Turkish Airlines
75%
Stany Zjednoczone American Airlines / United
71%
Holandia KLM
71%
Australia Qantas
71%
Szwajcaria Swiss Air
71%
Francja Air France
67%
Finlandia FinnAir
67%
Rosja Aeroflot
63%
Hiszpania Iberia
63%
Korea Południowa Korean Air
63%
Singapur Singapore Airlines
63%
Japonia Ana / Japan Airlines
58%
Portugalia TAP Portugal
58%
Włochy ITA Airways
54%
Nie znaleziono quizów pasujących do podanych kryteriów
Rozkład punktacji
Procent ludzi z każdym wynikiem
Percentyl według liczby udzielonych odpowiedzi
Twoja historia wyników
Nie rozwiązałeś tego quizu